| 000 | 00630cam a2200193 a 4500 | ||
|---|---|---|---|
| 001 | 2106200 | ||
| 005 | 20250722124052.0 | ||
| 008 | 960415s1996 kyub b 001 0 eng | ||
| 020 |
_a0664256201 _qacid-free paper |
||
| 020 |
_a9780664256203 _q(acid-free paper) |
||
| 050 | 0 | 0 |
_aBS2825.2 _b.S64 1996 |
| 082 | 0 | 0 |
_a228/.06 _220 |
| 100 | 1 |
_aSleeper, C. Freeman _q(Charles Freeman) |
|
| 245 | 1 | 4 |
_aThe victorious Christ : _ba study of the book of Revelation / _cC Freeman Sleeper. |
| 250 | _a1st ed. | ||
| 260 |
_aLouisvill, Ky. : _bWestminster John Knox Press, _cc1996. |
||
| 300 |
_axi, 142 p. : _bmap ; _c22 cm. |
||
| 942 |
_2lcc _cBK _n0 |
||
| 999 |
_c7094 _d7094 |
||